00477nam a2200121Ia 4500008004100000024007200041082001700113100009400130245003800224260002600262600003400288650003300322260210s9999 xx 000 0 und d a04B-059-TE, 04B-007-TE, 04B-044-TE, 04B-044-TE & 04B-032-TE a004.6072 MUH aMuhammad Ibrahim, Syed Zohaib Hussain Shsh, Muhammad Fahad Khan & Umair Ahmed Siddqui 0aBroadband Powerline Communication aKarachi:bUITU,c2004 aTelecommunication Engineering aBachelor of Engineering (BE)